000 00490nam a22001937a 4500
003 bpm
005 20260421103048.0
008 260421b |||||||| |||| 00| p spa d
024 _aS. C. C. / M. C. y E. M.:
040 _aAR-CtUCP
041 _aspa
080 _aCDU
100 _aGarcía Alfredo Mariano
245 _aCronología poética IV :
_b espiga en sazón (1955)
260 _aCorrientes
_bMoglia
_c2009
650 _aLiteratura - Poesía
942 _cLIB
999 _c76677
_d76677